<?xml version="1.0" encoding="UTF-8"?>
<collection xmlns="http://www.loc.gov/MARC21/slim">
 <record>
  <leader>01320nam a2200193Ia 4500</leader>
  <controlfield tag="001">TDMU_28131</controlfield>
  <controlfield tag="008">210410s9999    xx            000 0 und d</controlfield>
  <datafield tag="082" ind1=" " ind2=" ">
   <subfield code="a">398.0959791</subfield>
  </datafield>
  <datafield tag="090" ind1=" " ind2=" ">
   <subfield code="b">V400</subfield>
  </datafield>
  <datafield tag="100" ind1=" " ind2=" ">
   <subfield code="a">Võ, Duy Quang</subfield>
  </datafield>
  <datafield tag="245" ind1=" " ind2="0">
   <subfield code="a">Chung cư An Bình quận 9 TP Hồ Chí Minh</subfield>
  </datafield>
  <datafield tag="245" ind1=" " ind2="0">
   <subfield code="c">Võ Duy Quang; ThS. Nguyễn Minh Hùng, ThS. Bùi Việt Thi (h.dẫn)</subfield>
  </datafield>
  <datafield tag="260" ind1=" " ind2=" ">
   <subfield code="a">Bình Dương, 2016</subfield>
  </datafield>
  <datafield tag="300" ind1=" " ind2=" ">
   <subfield code="a">189tr.</subfield>
  </datafield>
  <datafield tag="520" ind1=" " ind2=" ">
   <subfield code="a">Đồ án tốt nghiệp Đại học Trường Đại học Thủ Dầu Một ; Gồm các chương :Chương 1 Tính toán kết cấu; Chương 2 Tính toán sàn BTCT tầng điển hình; Chương 3 Tính toán khung trục 5; Chương 4 Tính toán móng cọc ép; Chương 5 Thiết kế cầu thang bộ tầng điển hình; Chương 6 Thiết kế biện pháp thi công móng; Chương 7 Thiết kế biện pháp thi công; Chương 8 Thiết kế tổ chức thi công.</subfield>
  </datafield>
  <datafield tag="650" ind1=" " ind2=" ">
   <subfield code="a">Đồ án tốt nghiệp; Xây dựng</subfield>
   <subfield code="x">Chung cư An Bình</subfield>
   <subfield code="z">Quận 9 (Tp. HCM)</subfield>
  </datafield>
  <datafield tag="700" ind1=" " ind2=" ">
   <subfield code="a">Nguyễn Minh Hùng</subfield>
  </datafield>
  <datafield tag="856" ind1=" " ind2=" ">
   <subfield code="u">http://lrc.tdmu.edu.vn/opac/search/detail.asp?aID=2&amp;ID=28131</subfield>
  </datafield>
  <datafield tag="980" ind1=" " ind2=" ">
   <subfield code="a">Trung tâm Học liệu Trường Đại học Thủ Dầu Một</subfield>
  </datafield>
 </record>
</collection>
